Teoría general del derecho y de la ciencia jurídica
Saved in:
| Hovedforfatter: | |
|---|---|
| Format: | Bog |
| Sprog: | spansk |
| Udgivet: |
Barcelona
PPU
1989
|
| Fag: | |
| Tags: |
Tilføj Tag
Ingen Tags, Vær først til at tagge denne postø!
|
MARC
| LEADER | 00000nam a2200000 a 4500 | ||
|---|---|---|---|
| 001 | UCV2526 | ||
| 003 | CL-VaPUC | ||
| 008 | 920813e19890000SP |||||||||||||||||spa|d | ||
| 082 | 0 | 4 | |a 340.1 |b HER |2 21 |
| 100 | |a Hernández Marín, Rafael |e author |9 574527 | ||
| 245 | 1 | 0 | |a Teoría general del derecho y de la ciencia jurídica |
| 300 | |a 489 p | ||
| 942 | |c BK | ||
| 945 | |d 19920813 00:00:00 | ||
| 260 | |a Barcelona |b PPU |c 1989 | ||
| 650 | 0 | |a Filosofía del derecho |9 255050 | |
| 583 | |a last modification |c 19920813 00:00:00 |k Rodrigo Vera | ||
| 999 | |c 210069 |d 210067 | ||
| 952 | |0 0 |1 0 |4 0 |6 340_100000000000000_HER_1989 |7 0 |8 DER_TF |9 186077 |a BIBDER |b BIBDER |d 2019-11-14 |i 2535386 |o 340.1 HER 1989 |p 2535386 |r 2023-01-25 |w 2019-11-14 |x Ubicación 4to Piso |y BK_X |z Estos recursos deben solicitarse con anticipación |k DER | ||